Statistics for Countries without coastline

Click here to take the quiz!

General Stats

  • This quiz has been taken 1,018 times
    (162 since last reset)
  • The average score is 37 of 45

Answer Stats

Answer% Correct
Austria
95%
Chad
94%
Andorra
93%
Bolivia
91%
Slovakia
91%
Niger
90%
Paraguay
90%
Vatican City
90%
Switzerland
89%
Nepal
88%
Luxembourg
87%
San Marino
87%
Czech Republic
86%
Hungary
86%
Lesotho
86%
Mongolia
86%
Turkmenistan
86%
Central African Republic
85%
Liechtenstein
85%
Kazakhstan
84%
Bhutan
83%
Mali
83%
Rwanda
83%
Serbia
83%
Tajikistan
83%
Uganda
83%
Zambia
83%
Armenia
82%
Belarus
82%
Burundi
82%
Uzbekistan
82%
Zimbabwe
82%
South Sudan
81%
Burkina Faso
80%
Kosovo
80%
Botswana
79%
Moldova
79%
Afghanistan
78%
Eswatini
76%
Laos
76%
Azerbaijan
74%
Kyrgyzstan
74%
Malawi
73%
Ethiopia
70%
North Macedonia
58%

Score Distribution

Percentile by Number Answered

Percent of People with Each Score

Your Score History

You have not taken this quiz since the last reset